Declaración de impacto ambiental. Proyecto hidrógeno Aconcagua: fabricación, envasado y suministro de hidrógeno y anhídrido carbónico, comuna de Concón, V región
Salvato in:
| Enti autori: | , |
|---|---|
| Natura: | Libro |
| Lingua: | spagnolo |
| Pubblicazione: |
Santiago
Linde Gas
2005
Santiago AGA 2005 |
| Soggetti: | |
| Tags: |
Aggiungi Tag
Nessun Tag, puoi essere il primo ad aggiungerne!!
|
MARC
| LEADER | 00000nam a2200000 a 4500 | ||
|---|---|---|---|
| 001 | UCK9999 | ||
| 003 | CL-VaPUC | ||
| 008 | 060623e20050200cl |||||||||||||||||spa|d | ||
| 082 | 0 | 4 | |a 363.731 |b LIN |2 21 |
| 110 | 2 | |a Linde Gas |e author |9 500010 | |
| 710 | 2 | |a AGA |e author |9 500011 | |
| 245 | 1 | 0 | |a Declaración de impacto ambiental. Proyecto hidrógeno Aconcagua: fabricación, envasado y suministro de hidrógeno y anhídrido carbónico, comuna de Concón, V región |
| 300 | |a pág. irreg | ||
| 942 | |c BK | ||
| 945 | |d 20060623 00:00:00 |a cmena | ||
| 260 | |a Santiago |b Linde Gas |c 2005 | ||
| 260 | |a Santiago |b AGA |c 2005 | ||
| 500 | |a Incluye anexos y planos | ||
| 600 | 0 | 7 | |a CONAMA |2 CL-VaPUC |9 500012 |
| 650 | 0 | |a Impacto ambiental |9 262796 | |
| 650 | 0 | |a Combustibles |9 271720 | |
| 650 | 0 | |a Industria minera |9 260256 | |
| 650 | 0 | |a Contaminación ambiental |9 314181 | |
| 650 | 0 | |a Protección del medio ambiente |9 257626 | |
| 583 | |a last modification |c 20171121 11:00:36 |k Rodrigo Vera | ||
| 999 | |c 316997 |d 316995 | ||
| 952 | |0 0 |1 0 |4 0 |6 363_731000000000000_LIN_2005_2005 |7 0 |8 P |9 392659 |a BIBING |b BIBING |d 2019-11-22 |i 4238974 |o 363.731 LIN 2005 2005 |p 4238974 |r 2025-01-20 |w 2019-11-22 |y BK |k CCL | ||